Statistics for Frank ocean lyrics

Click here to take the quiz!

General Stats

  • This quiz has been taken 1,273 times
  • The average score is 8 of 20

Answer Stats

LyricAnswer% Correct
I came to visit 'cause you see me like a UFOSelf control
87%
A tornado flew around my room before you cameThinkin bout you
70%
Mine on the road / Your dilated eyes watch the clouds floatWhite ferrari
69%
Gave you tools just to stay alive / And make it out when the sun is ruinedPink + white
62%
She wash my back three times a day / This shower head feels so amazingSuper rich kids
58%
I had no chance to prepare / I couldn't see you comingIvy
57%
Can't keep up a conversation / Can't nobody reach youNights
56%
I don't play, I don't make time / But if you need dick I got youNikes
50%
Forgot to tell you, gotta tell you how much I vibe with youSolo
50%
Climb trees, Michael Jackson, it all ends herePink + white
44%
Even love ain't, 'cause this nut cost, that clinic killed my soulSolo
44%
Know you got someone comin' / You're spitting game, know you got itSelf control
43%
So low that I can give a fuck about what is trendingSolo (reprise)
41%
Wanna get soaked? / Wanna film a tape on the speed boat?Skyline to
35%
I'll buzz you in just let me know when you outsideNights
22%
Sayin' they want something real from a man / Just saying it, we being real personsSolo (reprise)
22%
Bending up my NikesPink + white
9%
You know I'm Africano AmericanoFutara Free
3%
I'd say long as I could fuck three times a day and not skip a meal I'm goodFutara Free
3%
I'd rather chip my pride than lose my mind out hereSeigried
2%

Score Distribution

Percentile by Number Answered

Percent of People with Each Score

Your Score History

You have not taken this quiz